Brief history of english literature. (Record no. 157194)

MARC details
000 -LEADER
fixed length control field 00532nam a2200205Ia 4500
003 - CONTROL NUMBER IDENTIFIER
control field OSt
005 - DATE AND TIME OF LATEST TRANSACTION
control field 20230420160211.0
008 - FIXED-LENGTH DATA ELEMENTS--GENERAL INFORMATION
fixed length control field 210423s2008 xx 000 0 und d
020 ## - INTERNATIONAL STANDARD BOOK NUMBER
International Standard Book Number 9781403942609
040 ## - CATALOGING SOURCE
Transcribing agency AL
041 ## - LANGUAGE CODE
Language code of text/sound track or separate title eng
082 ## - DEWEY DECIMAL CLASSIFICATION NUMBER
Classification number 829.09
Edition number 23
Item number PECJ
100 ## - MAIN ENTRY--PERSONAL NAME
Personal name PECK (John);COYLE (Martin).
9 (RLIN) 64514
245 ## - TITLE STATEMENT
Title Brief history of english literature.
260 ## - PUBLICATION, DISTRIBUTION, ETC.
Place of publication, distribution, etc. New York
Name of publisher, distributor, etc. Palgrave
Date of publication, distribution, etc. 2008
300 ## - PHYSICAL DESCRIPTION
Extent xii,353
365 ## - TRADE PRICE
Price amount 421
Currency code INR
906 ## - LOCAL DATA ELEMENT F, LDF (RLIN)
a Brief ; english ; history ; literature.
942 ## - ADDED ENTRY ELEMENTS (KOHA)
Source of classification or shelving scheme Dewey Decimal Classification
Koha item type Book
Holdings
Withdrawn status Lost status Damaged status Not for loan Collection code Home library Current library Date acquired Source of acquisition Cost, normal purchase price Total Checkouts Full call number Barcode Date last seen Price effective from Koha item type
        MA English St Aloysius PG Library St Aloysius PG Library 10/01/2009 Current books 421.00   829.09 PECJ PG003670 08/24/2022 04/26/2021 Book
        MA English St Aloysius PG Library St Aloysius PG Library 11/24/2011 Higginbothams Pvt Ltd 195.00   829.09 PECJ PG006852 08/24/2022 04/26/2021 Book